| 000 | 006510000a22002170004500 | ||
|---|---|---|---|
| 003 | LK-CoMWRAF | ||
| 005 | 20231106151554.0 | ||
| 008 | 230817t1983 ||||| |||| 00| 0 eng d | ||
| 020 | _a0262580632 | ||
| 040 |
_aLK-CoMWRAF _dLK-CoMWRAF _eLK-CoMWRAF |
||
| 041 | _aeng | ||
| 082 |
_a909.04 _bGEN |
||
| 245 |
_aThe Genius of Arab civilization : _b source of Renaissance |
||
| 250 | _a2nd ed. | ||
| 260 |
_aCambridge: _bMIT Press, _c1983 |
||
| 300 |
_ax, 260 p. : ill. (some col.), col. maps ; 32 cm. _bBibliography and index included |
||
| 650 | _a CIVILIZATION, ISLAMIC | ||
| 700 | _aBadeau, John S. | ||
| 700 |
_aHayes, John R. _eed. |
||
| 942 | _cBK | ||
| 999 |
_c1388 _d1388 |
||